000 02343cam a2200325 a 4500
003 EG-GiCUC
005 20250223031520.0
008 160608s2016 ua f m 000 0 ara d
040 _aEG-GiCUC
_bara
_cEG-GiCUC
041 0 _aara
049 _aايداع
097 _aماجستير
099 _aCai01.06.03.M.Sc.2016.مح.ش
100 0 _aمحمود علي عبدالحليم مصطفى
245 1 0 _aشعر ابن أبي الخصال :
_bجمع و تحقيق و دراسة /
_cمحمود علي عبدالحليم مصطفى ؛ إشراف عبدالرحمن حسن عبدالرحمن الشناوي
246 1 5 _aPoetry of ibn abi al khesal :
_bCollect and study
260 _aالقاهرة :
_bمحمود علي عبدالحليم مصطفى :
_c2016
300 _a475 ورقة ؛
_c30سم
502 _aاطروحة (ماجستير) - جامعة القاهرة - كلية دار العلوم - قسم الدراسات الأدبية
520 _aجاء هذا البحث بعنوان/ شعر ابن أبي الخصال: جمع وتحقيق ودراسة: وقد قسمته إلى قسمين؛ القسم الأول : تناولت فيه شعر ابن أبي الخصال بالدراسة في ضوء المنهج الفني: وقسمته إلى أربعة فصول: الفصل الأول تكلمت فيه عن الظواهر الموضوعية في شعره: والفصل الثاني تناولت فيه الصورة الفنية: والفصل الثالث تحدثت عن الظواهر اللغوية والأسلوبية: والفصل الرابع جاء بعنوان الموسيقا في شعر ابن أبي الخصال. أما القسم الثاني وهو ما خصصته لشعر ابن أبي الخصال جمعاً وتحقيقاً؛ وذلك من خلال منهجاً علمياً متبعاً في جمع الشعر وتحقيقه: وعززت الشعر بمجموعة من الفهارس الفنية المختلفة
530 _aصدر ايضا كقرص مدمج
653 4 _aابن أبي الخصال
653 4 _aالدراسات الأدبية
653 4 _aالشعر
700 0 _aعبدالرحمن حسن عبدالرحمن الشناوي :
_eمشرف
856 _uhttp://172.23.153.220/th.pdf
905 _aEnas
_eCataloger
905 _aNazla
_eRevisor
942 _2ddc
_cTH
999 _c56848
_d56848